000 01024cab a22002175a 4500
001 L153033
008 110525e20110421xxk 000 0 eng d
035 _a(Sirsi) u153033
041 0 _aeng
100 1 _aMatthews, David
245 0 0 _aBalfour Beatty stays on top
_bbusiness barometer, big public sector job saves the firm from dropping out of the top 10 table altogether
260 _c2011
490 _aBuilding
_v276(8679) 20 May 2011, 20-21(2)
520 _aOverview, tables of top contractors excluding and including civils for work won in April 2011, yearly work won 1 April 2010-30 April 2011, and top architects, clients/promoters and quantity surveyors 1 April 2010 to 30 April 2011, comment on ONS construction output statistics; outlook for warehousing is cautiously positive; public sector construction output is now in recession.
590 _aKA
651 4 _aUnited Kingdom
_y
690 _aBUILT ENVIRONMENT-CONSTRUCTION MARKET
700 1 _aGreen, Brian
700 1 _aForrest, Kelly
942 _n0
999 _c83163
_d83163